ნორმალური ფორმატი
MARC ფორმატი
ჩანაწერი Personal Name
ჩანაწერთა რაოდენობა, რომელიც გამოყენებულია: 2
001 - CONTROL NUMBER
- control field: 392
003 - CONTROL NUMBER IDENTIFIER
- control field: GE_BSU
005 - DATE AND TIME OF LATEST TRANSACTION
- control field: 20190423120843.0
008 - FIXED-LENGTH DATA ELEMENTS
- fixed length control field: 190423|| aca||aabn | a|a d
040 ## - CATALOGING SOURCE
- Original cataloging agency: GE_BSU
- Transcribing agency: GE_BSU
100 ## - HEADING--PERSONAL NAME
- Personal name: მენქიუ, გრეგორი
670 ## - SOURCE DATA FOUND
- Source citation: Work cat.: (GE_BSU)36832: მენქიუ, გრეგორი, ეკონომიკის პრინციპები = Principles of economis /
